Lenguaje y Comunicación 1º Básico: guía didáctica del docente
Saved in:
| Main Authors: | , , , |
|---|---|
| Format: | Book |
| Language: | Spanish |
| Published: |
Santiago
Santillana del Pacífico S. A
2012
|
| Edition: | 4a. ed |
| Subjects: | |
| Tags: |
Add Tag
No Tags, Be the first to tag this record!
|
MARC
| LEADER | 00000cam a2200000 a 4500 | ||
|---|---|---|---|
| 001 | UCD9792 | ||
| 003 | CL-VaPUC | ||
| 008 | 170709e20120000cl |||||||||||||||||spa|d | ||
| 020 | |a 9789561520462 | ||
| 082 | 0 | 4 | |a 372.6 |b GAR |2 21 |
| 100 | 0 | |a García Cristópulo, Mellisa |e author |9 593500 | |
| 700 | 0 | |a Plominsky Clavería, Amelia |e author |9 593501 | |
| 700 | 0 | |a Seleme Carmona, Karina |e author |9 593502 | |
| 700 | 0 | |a Vicuña Iturriaga, Catalina |e author |9 593503 | |
| 245 | 1 | 0 | |a Lenguaje y Comunicación 1º Básico: guía didáctica del docente |
| 250 | |a 4a. ed | ||
| 300 | |a 271 p | ||
| 942 | |c BK | ||
| 945 | |d 20170709 17:01:00 |a dcastane | ||
| 260 | |a Santiago |b Santillana del Pacífico S. A |c 2012 | ||
| 650 | 0 | |a Educación lingüística |9 306506 | |
| 650 | 0 | |a Lenguaje y comunicación |9 395921 | |
| 650 | 0 | |a Libros de texto |9 270019 | |
| 650 | 0 | |a Métodos de enseñanza |9 270413 | |
| 650 | 0 | |a Educación básica |9 224933 | |
| 583 | |a last modification |c 20170709 17:01:00 |k Rodrigo Vera | ||
| 999 | |c 368811 |d 368809 | ||
| 952 | |0 0 |1 0 |3 erb |4 0 |6 372_600000000000000_GAR_2012 |7 0 |8 A |9 484253 |a BIBEDU |b BIBEDU |i 5405270 |o 372.6 GAR 2012 |p 5405270 |r 2019-11-24 |w 2019-11-24 |y BK |z Catalogado en:20170709 |k EPE | ||